Vật lý đại cương Biên soạn theo chương trình của bộ giáo dục và đào tạo ban hành năm 1990; Dùng cho các trường các khối công nghiệp, công trình thủy lợi, giao thông vận tải Tập 2 Điện-Dao động và sóng
Điện-dao động và sóng
সংরক্ষণ করুন:
| প্রধান লেখক: | |
|---|---|
| অন্যান্য লেখক: | , |
| বিন্যাস: | গ্রন্থ |
| ভাষা: | Vietnamese |
| প্রকাশিত: |
H.
Giáo dục
2008
|
| মালা: | Sách Đại học sư phạm
|
| বিষয়গুলি: | |
| ট্যাগগুলো: |
ট্যাগ যুক্ত করুন
কোনো ট্যাগ নেই, প্রথমজন হিসাবে ট্যাগ করুন!
|
| Thư viện lưu trữ: | Mạng thư viện Đại học Đà Nẵng |
|---|
| LEADER | 01508nam a2200397 4500 | ||
|---|---|---|---|
| 001 | 000013187 | ||
| 003 | 9525 | ||
| 005 | 20130103080130.0 | ||
| 008 | 120312s2008 viesd | ||
| 020 | |c 20500 | ||
| 041 | 0 | |a vie | |
| 082 | |a 530.07 |b LƯ-B | ||
| 100 | 0 | |a Lương Duyên Bình |e Tác giả | |
| 245 | 1 | 0 | |a Vật lý đại cương |b Biên soạn theo chương trình của bộ giáo dục và đào tạo ban hành năm 1990; Dùng cho các trường các khối công nghiệp, công trình thủy lợi, giao thông vận tải |c Lương Duyên Bình |n Tập 2 |p Điện-Dao động và sóng |
| 260 | |a H. |b Giáo dục |c 2008 | ||
| 300 | |a 399tr |c 20cm | ||
| 490 | |a Sách Đại học sư phạm | ||
| 520 | |a Điện-dao động và sóng | ||
| 653 | |a giáo trình | ||
| 653 | |a Vật lý | ||
| 653 | |a Đại cương | ||
| 700 | |a Nguyễn Hữu Hồ | ||
| 700 | |a Dư Trí Công | ||
| 773 | |t Bài tập vật lý đại cương |w 4580 | ||
| 773 | |t Bài tập vật lý đại cương |w 4580 | ||
| 910 | |a duyên | ||
| OWN | |a LSP | ||
| AVA | |a UDN50 |b LSP |d 530.07 LƯ-B |e check_holdings |t Error 5003 Not defined in file expand_doc_bib_avail. |h N |k 1 | ||
| 999 | |a From the UDN01 | ||
| AVA | |a UDN50 |b LSP |d 530.07 LƯ-B |e available |t Error 5001 Not defined in file expand_doc_bib_avail. |f 266 |g 12 |h N |i 60 |k 1 | ||
| TYP | |a Monograph | ||
| TYP | |a Printed language | ||
| 980 | |a Mạng thư viện Đại học Đà Nẵng | ||